Assessment of the effect of the synergistic use of pentoxiphylline and sulphasalazine on the level of tumor necrosis facttor in pemphigus vulgaris / (Record no. 18653)
[ view plain ]
| 000 -LEADER | |
|---|---|
| fixed length control field | 017500000a22003490004500 |
| 003 - CONTROL NUMBER IDENTIFIER | |
| control field | EG-GiCUC |
| 005 - DATE AND TIME OF LATEST TRANSACTION | |
| control field | 20250223025709.0 |
| 008 - FIXED-LENGTH DATA ELEMENTS--GENERAL INFORMATION | |
| fixed length control field | 081214s2008 ua dh f m 000 0 eng d |
| 040 ## - CATALOGING SOURCE | |
| Original cataloging agency | EG-GiCUC |
| Language of cataloging | eng |
| Transcribing agency | EG-GiCUC |
| 041 0# - LANGUAGE CODE | |
| Language code of text/sound track or separate title | Eng |
| 049 ## - LOCAL HOLDINGS (OCLC) | |
| Holding library | Deposite |
| 097 ## - Thesis Degree | |
| Thesis Level | Ph.D |
| 099 ## - LOCAL FREE-TEXT CALL NUMBER (OCLC) | |
| Classification number | Cai01.11.10.Ph.D.2008.Ha.A |
| 100 0# - MAIN ENTRY--PERSONAL NAME | |
| Personal name | Hanan Ali Gammaz |
| 245 10 - TITLE STATEMENT | |
| Title | Assessment of the effect of the synergistic use of pentoxiphylline and sulphasalazine on the level of tumor necrosis facttor in pemphigus vulgaris / |
| Statement of responsibility, etc. | Hanan Ali Gammaz ; Supervised Mohammad Aly Eldarouti , Salonas Ali Marzouk , Eren Ramzy Eskander |
| 246 15 - VARYING FORM OF TITLE | |
| Title proper/short title | تقدير تأثير الاستعمال الاتحادى لعقارى البنتوكسفيللين وسلفاسالازين على مستوى عامل النخر الورمى فى مرض ذو الفقاع |
| 260 ## - PUBLICATION, DISTRIBUTION, ETC. | |
| Place of publication, distribution, etc. | Cairo : |
| Name of publisher, distributor, etc. | Hanan Ali Gammaz , |
| Date of publication, distribution, etc. | 2008 |
| 300 ## - PHYSICAL DESCRIPTION | |
| Extent | 203P. : |
| Other physical details | charts , facsimiles ; |
| Dimensions | 25cm |
| 502 ## - DISSERTATION NOTE | |
| Dissertation note | Thesis(Ph.D.) - Cairo University - Faculty of Medicine - Department of Dermatology and Venerology |
| 520 ## - SUMMARY, ETC. | |
| Summary, etc. | This comparative double blinded study was carried to estimate the use of both sulfasalazine(SSZ)and pentoxiphylline(PTX)as an adjuvant therapy for PV.the rationale of using SSZ and PTX is that they are cheap effective anti TNF drugs and have minimal side effects and interactions |
| 530 ## - ADDITIONAL PHYSICAL FORM AVAILABLE NOTE | |
| Additional physical form available note | Issued also as CD |
| 653 #4 - INDEX TERM--UNCONTROLLED | |
| Uncontrolled term | Anti TNF |
| 653 #4 - INDEX TERM--UNCONTROLLED | |
| Uncontrolled term | Pemphigus |
| 653 #4 - INDEX TERM--UNCONTROLLED | |
| Uncontrolled term | Pentoxiphylline |
| 700 0# - ADDED ENTRY--PERSONAL NAME | |
| Personal name | Eren Ramzy Eskander , |
| Relator term | |
| 700 0# - ADDED ENTRY--PERSONAL NAME | |
| Personal name | Mohammad Aly Eldarouti , |
| Relator term | |
| 700 0# - ADDED ENTRY--PERSONAL NAME | |
| Personal name | Salonas Ali Marzouk , |
| Relator term | |
| 856 ## - ELECTRONIC LOCATION AND ACCESS | |
| Uniform Resource Identifier | <a href="http://172.23.153.220/th.pdf">http://172.23.153.220/th.pdf</a> |
| 905 ## - LOCAL DATA ELEMENT E, LDE (RLIN) | |
| Cataloger | Nazla |
| Reviser | Revisor |
| 905 ## - LOCAL DATA ELEMENT E, LDE (RLIN) | |
| Cataloger | Soheir |
| Reviser | Cataloger |
| 942 ## - ADDED ENTRY ELEMENTS (KOHA) | |
| Source of classification or shelving scheme | Dewey Decimal Classification |
| Koha item type | Thesis |
| Source of classification or shelving scheme | Not for loan | Home library | Current library | Date acquired | Full call number | Barcode | Date last seen | Koha item type | Copy number |
|---|---|---|---|---|---|---|---|---|---|
| Dewey Decimal Classification | المكتبة المركزبة الجديدة - جامعة القاهرة | قاعة الرسائل الجامعية - الدور الاول | 11.02.2024 | Cai01.11.10.Ph.D.2008.Ha.A | 01010110050274000 | 22.09.2023 | Thesis | ||
| Dewey Decimal Classification | المكتبة المركزبة الجديدة - جامعة القاهرة | مخـــزن الرســائل الجـــامعية - البدروم | 11.02.2024 | Cai01.11.10.Ph.D.2008.Ha.A | 01020110050274000 | 22.09.2023 | CD - Rom | 50274.CD |